Wszyscy Polacy Którzy wygrali ligę mistrzów - Statystyki

Ogólne statystyki
  • Ten quiz został rozwiązany 60 razy
  • Średni wynik to 4 z 6
Statystyki odpowiedzi
Sezon Odpowiedź % Poprawnych
2019/20 Robert Lewandowski
97%
2004/05 Jerzy Dudek
91%
1984/85 Zbigniew Boniek
86%
2007/08 Tomasz Kuszczak
69%
1986/87 Józef Młynarczyk
67%
2000/01 Sławomir Wojciechowski
17%
Nie znaleziono quizów pasujących do podanych kryteriów
Rozkład punktacji
Procent ludzi z każdym wynikiem
Percentyl według liczby udzielonych odpowiedzi
Twoja historia wyników
Nie rozwiązałeś tego quizu